| 000 | 00542nam a22001937a 4500 | ||
|---|---|---|---|
| 003 | OSt | ||
| 008 | 250814b |||||||| |||| 00| 0 eng d | ||
| 020 | _a9789327292909 | ||
| 082 |
_a338.16014 _bM74C |
||
| 100 | _aMondal, Sagar. | ||
| 245 |
_aCommunication and Diffusion of Agricultural Innovations / _cby Sagar Mondal |
||
| 260 |
_a.- Ludhiana _b: Kalyani Publishers _c, 2018 |
||
| 300 | _a156p. | ||
| 650 | _aSocial Sciences | ||
| 650 | _aEconomics | ||
| 650 | _aAgricultural Innovations | ||
| 650 | _aCommunication | ||
| 942 |
_2ddc _cBK |
||
| 999 |
_c48744 _d48744 |
||